| 000 | 01080nam2a22002651 4500 | ||
|---|---|---|---|
| 001 | v19\rc\1272722 | ||
| 005 | 20260405070959.0 | ||
| 035 | _a(NLR Aleph) 005189431 | ||
| 090 |
_a5197359 _c5197359 |
||
| 100 | _a20060306d1896 |||y0rusy50 ca | ||
| 101 | 0 | _arus | |
| 102 | _aRU | ||
| 105 | _ay z ||||| | ||
| 200 | 1 |
_aВ дурном обществе _e[Из детских воспоминаний моего приятеля] |
|
| 205 | _a2-е изд. | ||
| 210 |
_d1896 _aБ. м. |
||
| 461 | 0 |
_1001RU\NLR\19V\602191 _12001#$aДля интеллигентных читателей$e1$vXXIII _910737726 _cМосква _d1894-1905 _e2-е изд. _n"Посредник" _o1 _tДля интеллигентных читателей _vXXIII |
|
| 700 | 1 |
_8rus _7ca _aКороленко _bВ. Г. _f1853-1921 _gВладимир Галактионович _3RU\NLR\AUTH\7717433 _9520 |
|
| 801 | 2 |
_aRU _bNLR _c20070815 _2rusmarc |
|
| 801 | 0 |
_aRU _bNLR _c20060306 _gpsbo |
|
| 801 | 1 |
_aRU _bProSoft-M _c20060306 _2rusmarc |
|
| 852 |
_aNLR _j20.95.3.91 |
||
| 852 |
_aNLR _j20.86.6.23 |
||
| 942 | _cBOOK | ||
| 980 | _aNB | ||